| 000 | 00435nam a2200157 a 4500 | ||
|---|---|---|---|
| 005 | 20140311130135.0 | ||
| 008 | 040424s19uu xx 00 eng d | ||
| 020 | _a1-877930-29-6 | ||
| 245 |
_aMilitary health care : _bJapan. |
||
| 260 |
_aIdaho, U.S.A : _bHealthwise Incorporated, _c1997. |
||
| 300 | _a354 | ||
| 440 | _aHealthwise handbook | ||
| 650 |
_aMedicine, Popular _xHandbooks, Manuals, etc. |
||
| 942 | _cBK | ||
| 999 |
_c35498 _d35498 |
||